Nenne für jeden deutschen Krieg ein gültiges Jahr - Statistiken

Allgemein
  • Dieses Quiz wurde 69 mal gespielt
  • Das Durchschnittsergebnis liegt bei 4 aus 14
Antwortstatistiken
Krieg Antwort % Korrekt
Zweiter Weltkrieg 1939-1945
96%
Erster Weltkrieg 1914-1918
68%
Dreißigjähriger Krieg 1618-1648
45%
Deutsch-Französischer Krieg 1870-1871
38%
Befreiungskriege 1813-1815
34%
Siebenjährigerkrieg 1756-1763
25%
Deutsch-Dänischer Krieg 1864
23%
Erster Kreuzzg 1096-1099
21%
Deutscher Krieg 1866
21%
Erster Schlesischer Krieg 1740-1742
17%
Erster Koalitionskrieg 1792-1797
13%
Großer Türkenkrieg 1683-1699
11%
Deutscher Bauernkrieg 1525
9%
Großer Nordischer Krieg 1700-1721
9%
Keine übereinstimmenden Quizze gefunden
Verteilung der Resultate
Anzahl Personen mit jedem Resultat
Perzentil nach korrekt beantworteten Fragen
Ihre Resultats-Entwicklung
Sie haben dieses Quiz noch nicht gespielt